000 00350 a2200121 4500
001 ART_6402
005 20260410161825.0
008 260409a
245 1 0 _aLa pesca y sus externalidades
100 1 _aErrazti, Elizabeth
700 1 _aGualdoni, Patricia Alejandra
773 0 _tFACES
_g- Año 7, Nº 12 (set./dic. 2001)
_wREV5046
999 _c22749
_d22749